Statistics for Countries of the World Quiz in 1 Hour

Click here to take the quiz!

General Stats

  • This quiz has been taken 36,023 times
  • The average score is 148 of 196

Answers on the Map

Answers color-coded by a green-red scale on the quiz's map according to % correct below.
 

Answer Stats

Country% Correct
United States
96%
Canada
95%
Mexico
94%
Brazil
92%
Russia
92%
United Kingdom
92%
China
91%
France
91%
Argentina
90%
Australia
90%
Chile
89%
Denmark
89%
Germany
89%
Iceland
89%
India
89%
Ireland
89%
Italy
89%
Japan
89%
Spain
89%
Finland
88%
Norway
88%
Portugal
88%
Sweden
88%
Egypt
87%
North Korea
87%
Poland
87%
South Africa
87%
South Korea
87%
Turkey
87%
Ukraine
87%
Cuba
86%
Greece
86%
New Zealand
86%
Peru
86%
Colombia
85%
Iran
85%
Madagascar
85%
Mongolia
85%
Austria
84%
Belgium
84%
Indonesia
84%
Iraq
84%
Kazakhstan
84%
Netherlands
84%
Niger
84%
Pakistan
84%
Saudi Arabia
84%
Switzerland
84%
Morocco
83%
Uruguay
83%
Afghanistan
82%
Algeria
82%
Bolivia
82%
Democratic Republic
of the Congo
82%
Panama
82%
Romania
82%
Thailand
82%
Venezuela
82%
Vietnam
82%
Dominican Republic
81%
Hungary
81%
Israel
81%
Nigeria
81%
Paraguay
81%
Philippines
81%
Sudan
81%
Yemen
81%
Albania
80%
Belarus
80%
Croatia
80%
Czech Republic
80%
Haiti
80%
Jamaica
80%
Nepal
80%
Oman
80%
United Arab Emirates
80%
Chad
79%
Ecuador
79%
Estonia
79%
Lithuania
79%
Papua New Guinea
79%
Slovakia
79%
Dominica
78%
Jordan
78%
Latvia
78%
Republic of the Congo
78%
Sri Lanka
78%
Vatican City
78%
Bangladesh
77%
Cambodia
77%
Ethiopia
77%
Laos
77%
Libya
77%
Luxembourg
77%
Malaysia
77%
Qatar
77%
Serbia
77%
Somalia
77%
South Sudan
77%
Taiwan
77%
Uzbekistan
77%
Zimbabwe
77%
Bahamas
76%
Bosnia and
Herzegovina
76%
Bulgaria
76%
Costa Rica
76%
Cyprus
76%
Honduras
76%
Slovenia
76%
Syria
76%
Georgia
75%
Guatemala
75%
Kenya
75%
Turkmenistan
75%
Andorra
74%
Armenia
74%
Mali
74%
Tunisia
74%
Zambia
74%
Angola
73%
El Salvador
73%
Fiji
73%
Ghana
73%
Malta
73%
Myanmar
73%
North Macedonia
73%
Azerbaijan
72%
Belize
72%
Guinea
72%
Guyana
72%
Moldova
72%
Nicaragua
72%
Bhutan
71%
Central African Republic
71%
Lebanon
71%
Monaco
71%
Suriname
71%
Botswana
70%
Kosovo
70%
Kyrgyzstan
70%
Singapore
70%
Cameroon
69%
Liechtenstein
69%
Montenegro
69%
Tajikistan
69%
Uganda
69%
Ivory Coast
68%
Kuwait
68%
Senegal
68%
Tanzania
68%
Togo
68%
Barbados
67%
Maldives
67%
Mozambique
67%
Namibia
67%
Rwanda
67%
San Marino
67%
Lesotho
66%
Liberia
66%
Trinidad and Tobago
65%
Bahrain
64%
Djibouti
64%
Eritrea
64%
Benin
63%
Gambia
63%
Mauritania
63%
Saint Lucia
63%
Equatorial Guinea
62%
Eswatini
62%
Seychelles
62%
Antigua and Barbuda
61%
Malawi
61%
Mauritius
61%
Solomon Islands
61%
Federated States of
Micronesia
60%
Gabon
60%
Samoa
60%
Brunei
59%
Burkina Faso
59%
Cape Verde
59%
Saint Kitts and Nevis
59%
Sierra Leone
59%
Tonga
59%
Burundi
58%
East Timor
58%
Guinea-Bissau
58%
Marshall Islands
58%
Tuvalu
57%
Grenada
56%
Saint Vincent and the
Grenadines
56%
Palau
55%
Vanuatu
55%
Comoros
54%
Kiribati
54%
Nauru
53%
São Tomé and Príncipe
52%

Score Distribution

Percentile by Number Answered

Percent of People with Each Score

Your Score History

You have not taken this quiz